<?xml version="1.0" encoding="UTF-8"?>
<record
    xmlns:xsi="http://www.w3.org/2001/XMLSchema-instance"
    xsi:schemaLocation="http://www.loc.gov/MARC21/slim http://www.loc.gov/standards/marcxml/schema/MARC21slim.xsd"
    xmlns="http://www.loc.gov/MARC21/slim">

  <leader>01047nam a2200313 i 4500</leader>
  <controlfield tag="001">000021806</controlfield>
  <controlfield tag="003">DO-SdBNP</controlfield>
  <controlfield tag="005">20240826134626.0</controlfield>
  <controlfield tag="006">a||||gr|||| 00| 0 </controlfield>
  <controlfield tag="007">ta</controlfield>
  <controlfield tag="008">100913e1984    dr ao    d    001 0 spa d</controlfield>
  <datafield tag="040" ind1=" " ind2=" ">
    <subfield code="a">DO-SdBNP</subfield>
    <subfield code="b">spa</subfield>
    <subfield code="c">BNPHU</subfield>
    <subfield code="e">rda</subfield>
  </datafield>
  <datafield tag="041" ind1=" " ind2=" ">
    <subfield code="a">spa</subfield>
  </datafield>
  <datafield tag="082" ind1=" " ind2="4">
    <subfield code="a">581.63403</subfield>
    <subfield code="b">F359d</subfield>
    <subfield code="2">22</subfield>
  </datafield>
  <datafield tag="100" ind1="1" ind2=" ">
    <subfield code="a">Ferm&#xED;n Herrera, Pindaro</subfield>
    <subfield code="9">45296</subfield>
    <subfield code="e">autor</subfield>
  </datafield>
  <datafield tag="245" ind1="1" ind2="0">
    <subfield code="a">Diccionario de plantas medicinales :</subfield>
    <subfield code="b">(sinonima de nombres vulgares y cientificos) /</subfield>
    <subfield code="c">Pindaro Ferm&#xED;n Herrera.</subfield>
  </datafield>
  <datafield tag="250" ind1=" " ind2=" ">
    <subfield code="a">1ra. edici&#xF3;n </subfield>
  </datafield>
  <datafield tag="264" ind1=" " ind2="1">
    <subfield code="a">Santo Domingo :</subfield>
    <subfield code="b">Ediciones Hadit,</subfield>
    <subfield code="c">1984.</subfield>
  </datafield>
  <datafield tag="300" ind1=" " ind2=" ">
    <subfield code="a">306 p&#xE1;ginas :</subfield>
    <subfield code="b">ilustraciones, fotograf&#xED;as ;</subfield>
    <subfield code="c">20 cm.</subfield>
  </datafield>
  <datafield tag="336" ind1=" " ind2=" ">
    <subfield code="2">rdacontent</subfield>
    <subfield code="a">texto</subfield>
    <subfield code="b">txt</subfield>
  </datafield>
  <datafield tag="337" ind1=" " ind2=" ">
    <subfield code="2">rdamedia</subfield>
    <subfield code="a">sin mediaci&#xF3;n</subfield>
    <subfield code="b">n</subfield>
  </datafield>
  <datafield tag="338" ind1=" " ind2=" ">
    <subfield code="2">rdacarrier</subfield>
    <subfield code="a">volumen</subfield>
    <subfield code="b">nc</subfield>
  </datafield>
  <datafield tag="500" ind1=" " ind2=" ">
    <subfield code="a">Incluye pie de fotos.</subfield>
  </datafield>
  <datafield tag="504" ind1=" " ind2=" ">
    <subfield code="a">Bibliograf&#xED;as : p&#xE1;ginas 305-306</subfield>
  </datafield>
  <datafield tag="590" ind1=" " ind2=" ">
    <subfield code="a">Inventariado 2024 / MF</subfield>
  </datafield>
  <datafield tag="650" ind1=" " ind2="4">
    <subfield code="a">Plantas medicinales</subfield>
    <subfield code="x">Diccionarios</subfield>
    <subfield code="9">45297</subfield>
  </datafield>
  <datafield tag="910" ind1=" " ind2=" ">
    <subfield code="a">Validado. Control de calidad MFF</subfield>
  </datafield>
  <datafield tag="942" ind1=" " ind2=" ">
    <subfield code="2">ddc</subfield>
    <subfield code="c">LBS1</subfield>
  </datafield>
  <datafield tag="952" ind1=" " ind2=" ">
    <subfield code="0">0</subfield>
    <subfield code="1">0</subfield>
    <subfield code="2">ddc</subfield>
    <subfield code="5">6</subfield>
    <subfield code="7">0</subfield>
    <subfield code="8">DS-R</subfield>
    <subfield code="a">BNPHU</subfield>
    <subfield code="b">BNPHU</subfield>
    <subfield code="c">HD</subfield>
    <subfield code="d">2010-09-13</subfield>
    <subfield code="l">0</subfield>
    <subfield code="o">BNPHU R-PD 581.63403 F359d</subfield>
    <subfield code="p">21806-10</subfield>
    <subfield code="r">2020-06-25</subfield>
    <subfield code="w">2020-06-25</subfield>
    <subfield code="y">LBS1</subfield>
    <subfield code="Z">No se presta</subfield>
  </datafield>
  <datafield tag="952" ind1=" " ind2=" ">
    <subfield code="0">0</subfield>
    <subfield code="1">0</subfield>
    <subfield code="2">ddc</subfield>
    <subfield code="5">1</subfield>
    <subfield code="7">0</subfield>
    <subfield code="8">DS-R</subfield>
    <subfield code="a">BNPHU</subfield>
    <subfield code="b">BNPHU</subfield>
    <subfield code="c">HD</subfield>
    <subfield code="d">2014-02-05</subfield>
    <subfield code="l">0</subfield>
    <subfield code="o">BNPHU R-PD 581.63403 F359d</subfield>
    <subfield code="p">21806-20</subfield>
    <subfield code="r">2020-06-25</subfield>
    <subfield code="t">e. 2</subfield>
    <subfield code="w">2020-06-25</subfield>
    <subfield code="y">LBS1</subfield>
    <subfield code="Z">No se presta</subfield>
  </datafield>
  <datafield tag="999" ind1=" " ind2=" ">
    <subfield code="c">21304</subfield>
    <subfield code="d">21304</subfield>
  </datafield>
</record>
